000 00900cab a2200289 4500
001 ABS52120
008 090401t1994 xxu||||| |||| 00| 0 eng d
035 _a(Sirsi) u62051
041 _aeng
100 _aLinehan, B.
245 _aWhen in Rome...
260 _c1994
350 _a0
490 _aBuilding
_v260(7874) 6 January 1994, 25(1)
520 _aDiscusses the effects on the competitiveness of UK construction firms in Europe, of a proposed EC Directive on the working conditions of employees temporarily posted abroad.
650 _aCONDITIONS OF EMPLOYMENT
650 _aEC DIRECTIVES
650 _aEMPLOYMENT
650 _aEUROPE
650 _aEUROPEAN UNION
650 _aPOSTING OF WORKERS
650 _aWORKING CONDITIONS
690 _aEUROPE-SINGLE MARKET
690 _aMANAGEMENT-BUSINESS MANAGEMENT-PROFESSIONAL PRACTICE
942 _n0
948 _c04/03/1997
999 _c38525
_d38525